<?xml version="1.0" encoding="UTF-8"?>
<record
    xmlns:xsi="http://www.w3.org/2001/XMLSchema-instance"
    xsi:schemaLocation="http://www.loc.gov/MARC21/slim http://www.loc.gov/standards/marcxml/schema/MARC21slim.xsd"
    xmlns="http://www.loc.gov/MARC21/slim">

  <leader>00374    a2200145   4500</leader>
  <controlfield tag="005">20250311134420.0</controlfield>
  <datafield tag="020" ind1=" " ind2=" ">
    <subfield code="a">1-55934-824-0</subfield>
  </datafield>
  <datafield tag="082" ind1=" " ind2=" ">
    <subfield code="a">330  EGG</subfield>
  </datafield>
  <datafield tag="100" ind1=" " ind2=" ">
    <subfield code="a">EGGERT,  j.</subfield>
  </datafield>
  <datafield tag="245" ind1=" " ind2=" ">
    <subfield code="a">What  Is  Economics</subfield>
  </datafield>
  <datafield tag="250" ind1=" " ind2=" ">
    <subfield code="a">4th Ed.</subfield>
  </datafield>
  <datafield tag="260" ind1=" " ind2=" ">
    <subfield code="a">London,</subfield>
    <subfield code="b">Myfield Publishing Company,</subfield>
    <subfield code="c">1997.</subfield>
  </datafield>
  <datafield tag="300" ind1=" " ind2=" ">
    <subfield code="a">ix, 225p.:  ill.;  graph, picture,</subfield>
    <subfield code="b">index,</subfield>
    <subfield code="c">22cm.</subfield>
  </datafield>
  <datafield tag="942" ind1=" " ind2=" ">
    <subfield code="2">ddc</subfield>
    <subfield code="c">BKS</subfield>
  </datafield>
  <datafield tag="999" ind1=" " ind2=" ">
    <subfield code="c">397</subfield>
    <subfield code="d">397</subfield>
  </datafield>
  <datafield tag="952" ind1=" " ind2=" ">
    <subfield code="r">2025-03-11 13:46:55</subfield>
    <subfield code="l">0</subfield>
    <subfield code="o">330  EGG</subfield>
    <subfield code="p">0000001296</subfield>
    <subfield code="v">30000.00</subfield>
    <subfield code="w">2025-03-11</subfield>
    <subfield code="y">BKS</subfield>
    <subfield code="1">0</subfield>
    <subfield code="2">ddc</subfield>
    <subfield code="4">0</subfield>
    <subfield code="7">0</subfield>
    <subfield code="0">0</subfield>
    <subfield code="a">CBEML</subfield>
    <subfield code="b">CBEML</subfield>
    <subfield code="c">GEN</subfield>
    <subfield code="d">2025-03-11</subfield>
    <subfield code="g">10000.00</subfield>
  </datafield>
  <datafield tag="952" ind1=" " ind2=" ">
    <subfield code="r">2025-03-11 13:46:55</subfield>
    <subfield code="l">0</subfield>
    <subfield code="o">330  EGG</subfield>
    <subfield code="p">0000001297</subfield>
    <subfield code="v">30000.00</subfield>
    <subfield code="w">2025-03-11</subfield>
    <subfield code="y">BKS</subfield>
    <subfield code="1">0</subfield>
    <subfield code="2">ddc</subfield>
    <subfield code="4">0</subfield>
    <subfield code="7">0</subfield>
    <subfield code="0">0</subfield>
    <subfield code="a">CBEML</subfield>
    <subfield code="b">CBEML</subfield>
    <subfield code="c">GEN</subfield>
    <subfield code="d">2025-03-11</subfield>
    <subfield code="g">10000.00</subfield>
  </datafield>
  <datafield tag="952" ind1=" " ind2=" ">
    <subfield code="r">2025-03-11 13:46:55</subfield>
    <subfield code="l">0</subfield>
    <subfield code="o">330  EGG</subfield>
    <subfield code="p">0000001298</subfield>
    <subfield code="v">30000.00</subfield>
    <subfield code="w">2025-03-11</subfield>
    <subfield code="y">BKS</subfield>
    <subfield code="1">0</subfield>
    <subfield code="2">ddc</subfield>
    <subfield code="4">0</subfield>
    <subfield code="7">0</subfield>
    <subfield code="0">0</subfield>
    <subfield code="a">CBEML</subfield>
    <subfield code="b">CBEML</subfield>
    <subfield code="c">GEN</subfield>
    <subfield code="d">2025-03-11</subfield>
    <subfield code="g">10000.00</subfield>
  </datafield>
  <datafield tag="952" ind1=" " ind2=" ">
    <subfield code="r">2025-03-11 13:46:55</subfield>
    <subfield code="l">0</subfield>
    <subfield code="o">330  EGG</subfield>
    <subfield code="p">0000001299</subfield>
    <subfield code="v">30000.00</subfield>
    <subfield code="w">2025-03-11</subfield>
    <subfield code="y">BKS</subfield>
    <subfield code="1">0</subfield>
    <subfield code="2">ddc</subfield>
    <subfield code="4">0</subfield>
    <subfield code="7">0</subfield>
    <subfield code="0">0</subfield>
    <subfield code="a">CBEML</subfield>
    <subfield code="b">CBEML</subfield>
    <subfield code="c">GEN</subfield>
    <subfield code="d">2025-03-11</subfield>
    <subfield code="g">10000.00</subfield>
  </datafield>
  <datafield tag="952" ind1=" " ind2=" ">
    <subfield code="r">2025-03-11 13:46:55</subfield>
    <subfield code="l">0</subfield>
    <subfield code="o">330  EGG</subfield>
    <subfield code="p">0000001300</subfield>
    <subfield code="v">30000.00</subfield>
    <subfield code="w">2025-03-11</subfield>
    <subfield code="y">BKS</subfield>
    <subfield code="1">0</subfield>
    <subfield code="2">ddc</subfield>
    <subfield code="4">0</subfield>
    <subfield code="7">0</subfield>
    <subfield code="0">0</subfield>
    <subfield code="a">CBEML</subfield>
    <subfield code="b">CBEML</subfield>
    <subfield code="c">GEN</subfield>
    <subfield code="d">2025-03-11</subfield>
    <subfield code="g">10000.00</subfield>
  </datafield>
</record>
